| 000 | 01060nam a2200241Ia 4500 | ||
|---|---|---|---|
| 003 | Ost | ||
| 005 | 20260507075045.0 | ||
| 008 | 260507s9999||||xx |||||||||||||| ||und|| | ||
| 040 | _cfsecg | ||
| 041 | _aara | ||
| 082 | _a339 | ||
| 100 |
_aحمو، عارف _eمؤلف |
||
| 245 | 0 |
_aمبادئ الاقتصاد / _c عارف حمو |
|
| 260 |
_aعمان: _bدار ابن رشد للنشر, _c[دون تاريخ] |
||
| 300 |
_a217 صفحة؛ _bإيضاحات ؛ _c24 سم |
||
| 504 | _aببلوغرافيا ص.140 | ||
| 520 | _aمدخل عام للإقتصاد، عناصر الإنتاج، الطلب والعرض، تحديد الأثمان، الإستهلاك والإستثمار، الإنفاق الحكومي، الدخل القومي والناتج القومي، الأجور والبطالة والتضخم، السياسات النقدية والمالية | ||
| 653 | _aالاقتصاد | ||
| 653 | _aالاقتصاد كلي | ||
| 653 | _aالإنتاج | ||
| 700 |
_aأبو شرار، علي _eمؤلف ثانوي |
||
| 942 | _cكتاب | ||
| 999 |
_c42553 _d42553 |
||